Normal view MARC view

Entry Personal Name

Number of records used in: 4

001 - CONTROL NUMBER

  • control field: 4237

003 - CONTROL NUMBER IDENTIFIER

  • control field: DLC

005 - DATE AND TIME OF LATEST TRANSACTION

  • control field: 20250704102541.0

008 - FIXED-LENGTH DATA ELEMENTS

  • fixed length control field: 810805n| acannaabn |a aaa

010 ## - LIBRARY OF CONGRESS CONTROL NUMBER

  • LC control number: n 81083480

035 ## - SYSTEM CONTROL NUMBER

  • System control number: (OCoLC)oca00628723

040 ## - CATALOGING SOURCE

  • Original cataloging agency: DLC
  • Language of cataloging: eng
  • Transcribing agency: DLC
  • Modifying agency: DLC
  • Modifying agency: OCoLC

100 1# - HEADING--PERSONAL NAME

  • Personal name: Arnikar, Hari Jeevan

400 0# - SEE FROM TRACING--PERSONAL NAME

  • Personal name: Hari Jeevan Arnikar

400 1# - SEE FROM TRACING--PERSONAL NAME

  • Personal name: Arnikar, H. J.
  • Fuller form of name: (Hari Jeevan)

670 ## - SOURCE DATA FOUND

  • Source citation: His Essentials of nuclear chemistry, c1981:
  • Information found: t.p. (Hari Jeevan Arnikar, formerly senior prof. of Chemistry, Univ. of Poona)

670 ## - SOURCE DATA FOUND

  • Source citation: His Isotopes in the atomic age, 1988:
  • Information found: CIP t.p. (H.J. Arnikar) book t.p. (Hari Jeevan Arnikar)

670 ## - SOURCE DATA FOUND

  • Source citation: His Isotopes in the atomic age, 1989:
  • Information found: t.p. (Hari Jeevan Arnikar, Prof. Emeritus in chem., U. of Poona) cover (H.J. Arnikar)

Powered by Koha